000 00565nam a2200217Ia 4500
003 OSt
005 20220926043547.0
006 a|||||r|||| 00| 0
007 ta
008 220923b |||||||| |||| 00| 0 eng d
037 _cGeneral Book
040 _aRTL
_cRTL
_beng
041 _2eng
_aeng
082 _aU284d.2, H2
100 _aRao K Nagabhushana
_9347920
245 0 _aSatiration temperature tables
260 _c1942
650 _aMeteorology
_9200073
942 _hU284d.2, H2
_cGB
_2CC
999 _c672624
_d672624